Catalog

Record Details

Catalog Search



Available copies

  • 1 of 3 copies available at LARL/NWRL Consortium. (Show)
  • 0 of 2 copies available at Lake Agassiz Regional Library.

Current holds

2 current holds with 3 total copies.

Show Only Available Copies
Location Call Number / Copy Notes Barcode Shelving Location Status Due Date
Detroit Lakes Public Library LARGE PRINT MCF (Text) 33500014139141 Main On holds shelf -
Fertile Public Library LARGE PRINT MCF (Text) 33500014139158 Main On holds shelf -

Record details

  • ISBN: 1538768542
  • ISBN: 9781538768549
  • Physical Description: 586 pages (large print) ; 21 cm.
  • Edition: Large print edition.
  • Publisher: New York, NY : Grand Central, 2023.

Content descriptions

Summary, etc.:
Every day I clean the Winchesters' beautiful house ... Read More
Subject: Women household employees > Fiction.
Dysfunctional families > Fiction.
Family secrets > Fiction.
Spouses > Fiction.
Children > Fiction.
Large type books.
Children
Families
Family secrets
Spouses
Women household employees
Genre: Large type books.
Detective and mystery fiction
Domestic fiction
Fiction
Large print books
Novels
Psychological fiction
Thrillers (Fiction)
Large print books.
Thrillers (Fiction)
Psychological fiction.
Detective and mystery fiction.
Domestic fiction.
Novels.
LDR 04098cam a2200853 i 4500
001450389
003LARL_NWRL_CONSORTIUM
00520241115150202.0
008230902r20232022nyu ed 000 f eng d
010 . ‡a 2022943661
040 . ‡aYDX ‡beng ‡erda ‡cYDX ‡dOCLCO ‡dZGX ‡dLMJ ‡dDYJ ‡dOCLCO ‡dNZAUC ‡dIJ5 ‡dYDX ‡dJTH ‡dOCLCO ‡dOCLCF ‡dCQA ‡dOCLCO ‡dFMG ‡dOCLCO
019 . ‡a1396126322 ‡a1411019675 ‡a1416776499 ‡a1427385463 ‡a1428516943 ‡a1428516950 ‡a1432819608 ‡a1437627807
020 . ‡a1538768542 ‡q(paperback ; large print)
020 . ‡a9781538768549 ‡q(paperback ; large print)
035 . ‡a(OCoLC)1378357062 ‡z(OCoLC)1396126322 ‡z(OCoLC)1411019675 ‡z(OCoLC)1416776499 ‡z(OCoLC)1427385463 ‡z(OCoLC)1428516943 ‡z(OCoLC)1428516950 ‡z(OCoLC)1432819608 ‡z(OCoLC)1437627807
08204. ‡a813/.6 ‡223/eng/20231221
1001 . ‡aMcFadden, Freida, ‡eauthor. ‡1https://id.oclc.org/worldcat/entity/E39PCjBFQJCmfrM4Rv4XYPGDtq
24514. ‡aThe housemaid / ‡cFreida McFadden.
250 . ‡aLarge print edition.
264 1. ‡aNew York, NY : ‡bGrand Central, ‡c2023.
264 4. ‡c©2022
300 . ‡a586 pages (large print) ; ‡c21 cm.
336 . ‡atext ‡btxt ‡2rdacontent
337 . ‡aunmediated ‡bn ‡2rdamedia
338 . ‡avolume ‡bnc ‡2rdacarrier
340 . ‡nlarge print ‡2rdafs
4900 . ‡aHousemaid ; ‡v1
520 . ‡aEvery day I clean the Winchesters' beautiful house top to bottom. I collect their daughter from school. And I cook a delicious meal for the whole family before heading up to eat alone in my tiny room on the top floor. I try to ignore how Nina makes a mess just to watch me clean it up. How she tells strange lies about her own daughter. And how her husband Andrew seems more broken every day. But as I look into Andrew's handsome brown eyes, so full of pain, it's hard not to imagine what it would be like to live Nina's life. I only try on one of Nina's pristine white dresses once. Just to see what it's like. But soon she finds out -- and by the time I realize my attic bedroom door only locks from the outside, it's far too late. But I reassure myself that the Winchesters don't know who I really am. And they don't know what I'm capable of.-- ‡cPublisher description.
650 0. ‡aWomen household employees ‡vFiction. ‡0(LARL_NWRL_CONSORTIUM)167916
650 0. ‡aDysfunctional families ‡vFiction. ‡0(LARL_NWRL_CONSORTIUM)166576
650 0. ‡aFamily secrets ‡vFiction. ‡0(LARL_NWRL_CONSORTIUM)164948
650 0. ‡aSpouses ‡vFiction. ‡0(LARL_NWRL_CONSORTIUM)167342
650 0. ‡aChildren ‡vFiction. ‡0(LARL_NWRL_CONSORTIUM)16357
650 0. ‡aLarge type books. ‡0(LARL_NWRL_CONSORTIUM)24284
650 7. ‡aChildren ‡2fast ‡0(LARL_NWRL_CONSORTIUM)16342
650 7. ‡aFamilies ‡2fast ‡0(LARL_NWRL_CONSORTIUM)19934
650 7. ‡aFamily secrets ‡2fast ‡0(LARL_NWRL_CONSORTIUM)162327
650 7. ‡aSpouses ‡2fast ‡0(LARL_NWRL_CONSORTIUM)39163
650 7. ‡aWomen household employees ‡2fast ‡0(LARL_NWRL_CONSORTIUM)34661
655 0. ‡aLarge type books.
655 7. ‡aDetective and mystery fiction ‡2fast
655 7. ‡aDomestic fiction ‡2fast
655 7. ‡aFiction ‡2fast
655 7. ‡aLarge print books ‡2fast
655 7. ‡aNovels ‡2fast
655 7. ‡aPsychological fiction ‡2fast
655 7. ‡aThrillers (Fiction) ‡2fast
655 7. ‡aLarge print books. ‡2lcgft
655 7. ‡aThrillers (Fiction) ‡2lcgft
655 7. ‡aPsychological fiction. ‡2lcgft
655 7. ‡aDetective and mystery fiction. ‡2lcgft
655 7. ‡aDomestic fiction. ‡2lcgft
655 7. ‡aNovels. ‡2lcgft
901 . ‡a450389 ‡bAUTOGEN ‡c450389 ‡tbiblio

Additional Resources